Motion Sickness - Phoebe Bridgers (Lyrics) - Statistics

General Stats
  • This quiz has been taken 164 times
  • The average score is 211 of 253
Answer Stats
Answer % Correct
I
100%
you
100%
You
100%
a
99%
an
97%
And
97%
and
97%
motion
96%
sickness
96%
emotional
95%
have
95%
To
95%
to
95%
did
94%
what
94%
for
92%
like
92%
out
92%
miss
91%
no
91%
do
90%
drown
90%
hate
90%
in
90%
it
90%
kid
90%
little
90%
the
90%
English
87%
your
87%
all
86%
are
86%
down
86%
hard
86%
language
86%
let
86%
me
86%
on
86%
time
86%
words
86%
could
84%
that
84%
There
84%
but
83%
But
83%
can
83%
see
83%
Somebody
83%
windows
83%
go
82%
hypnotherapist
81%
roll
81%
Was
81%
was
81%
at
79%
feel
79%
gave
79%
one
79%
slide
79%
went
79%
anything
78%
only
78%
scream
78%
when
78%
alright
77%
every
77%
fifteen
77%
hardly
77%
that's
77%
times
77%
with
77%
faked
75%
Fell
75%
hundred
75%
I'm
75%
accent?
74%
ago
74%
sing
74%
too
74%
why
74%
it's
73%
late
73%
try
73%
year
73%
guess
71%
said
71%
would
71%
bored
70%
met
70%
sorry
70%
were
70%
change
69%
now
69%
You're
69%
you're
69%
hopin'
68%
be
66%
know
66%
never
66%
looking
65%
made
65%
back
64%
glad
64%
outside
64%
bleeding
62%
room
62%
around
61%
gonna
61%
throwing
61%
I'll
60%
rocks
60%
through
60%
band
58%
born
58%
will
58%
while
57%
clean
53%
stay
53%
If
52%
happen
51%
live
49%
surrender
49%
Surrender
49%
without
49%
glass
48%
sound
48%
wanna
44%
Hey
30%
No matching quizzes found
Score Distribution
Percent of People with Each Score
Percentile by Number Answered
Your Score History
You have not taken this quiz